| 000 | 00882cam a2200241 a 4500 | ||
|---|---|---|---|
| 001 | 1938196 | ||
| 003 | ARRUPE | ||
| 005 | 20130924173247.0 | ||
| 008 | 860318s1984 enka b 000 0 eng | ||
| 010 | _a 86132709 | ||
| 020 | _a0855973641 (pbk.) | ||
| 040 |
_aDLC _cDLC _dDLC |
||
| 050 | 0 | 0 |
_aBX921 _b.B838 1984 |
| 100 | 1 |
_aBrennan, Gemma. _91107 |
|
| 245 | 1 | 0 |
_aAdult religious education : _btheory to practice / _cby Gemma Brennan and Kevin Cronin ; illustrations by HARO ; with a foreword by David Konstant and a postscript by Tony McCaffry. |
| 260 |
_aGreat Wakering, Essex, England : _bMayhew McCrimmon, _c1984. |
||
| 300 |
_a95 p. : _bill. ; _c21 cm. |
||
| 504 | _aIncludes bibliographies. | ||
| 650 | 0 |
_aChristian education of adults. _91108 |
|
| 700 | 1 |
_aCronin, Kevin, _cFather. _91109 |
|
| 906 |
_a7 _bcbc _corignew _d3 _encip _f19 _gy-gencatlg |
||
| 942 |
_2lcc _cMONOGRAPH |
||
| 999 |
_c118005 _d118005 |
||